Central Library OPAC University of Rajshahi

Synergism of some insecticides by piperonyl butoxide (PBO) and mcpa (4-Chloro-2-Methylphenoxy acetic ACID) against rhizopertha dominica (F.) / (Record no. 80984)

MARC details
000 -LEADER
fixed length control field 01134nam a22002537a 4500
001 - CONTROL NUMBER
RUCL Control Number 80984
003 - CONTROL NUMBER IDENTIFIER
rucl marc code BD-RjUL
005 - DATE AND TIME OF LATEST TRANSACTION
control field 20221218180329.0
008 - FIXED-LENGTH DATA ELEMENTS--GENERAL INFORMATION
fixed length control field 221218s2012 bg a|||| m||| 00| 0 eng d
035 ## - SYSTEM CONTROL NUMBER
system control number (BD-RjUL) 80984
040 ## - CATALOGING SOURCE
Original cataloging agency BD-RjUL
Language of cataloging eng
Transcribing agency BD-RjUL
Modifying agency BD-RjUL
041 ## - LANGUAGE CODE
Language code of Book eng
082 ## - DEWEY DECIMAL CLASSIFICATION NUMBER
DDC Edition number 23
Classification number 668.651
Author mark and Year HAS 2012
100 ## - MAIN ENTRY--PERSONAL NAME
Personal name Hasan, Md. Mahabub
9 (RLIN) 6354
245 10 - TITLE STATEMENT
Title Synergism of some insecticides by piperonyl butoxide (PBO) and mcpa (4-Chloro-2-Methylphenoxy acetic ACID) against rhizopertha dominica (F.) /
Statement of responsibility, etc By Md. Mahabub Hasan ;
Name of Supervisor/Co-Supervisor Supervisor : A.S.M. Shafiqur Rahman, Co-Supervisor : K.A.M. Shahadat Hossian, Mondal,
260 ## - PUBLICATION, DISTRIBUTION, ETC. (IMPRINT)
Place of publication, distribution, etc Rajshahi :
Name of publisher, distributor, etc Institute of Biological Sciences, University of Rajshahi,
Date of publication, distribution, etc 2012
300 ## - PHYSICAL DESCRIPTION
Pagination v, 149 leaves :
Other physical details ill, ;
Dimensions 29.cm.
502 ## - DISSERTATION NOTE
Dissertation note Thesis (Ph. D.) -- Institute of Biological Sciences, University of Rajshahi, 2012
504 ## - BIBLIOGRAPHY, ETC. NOTE
Bibliography, etc References : Leaves 97 - 119
650 ## - SUBJECT ADDED ENTRY--TOPICAL TERM
Topical term or geographic name as entry element Insecticides
Form subdivision Technology of other organic products
9 (RLIN) 6355
700 ## - ADDED ENTRY--SUPERVISOR/CO-SUPERVISOR NAME
Personal name Rahman, A.S.M. Shafiqur, Supervisor
9 (RLIN) 6356
Personal name Mondal, K.A.M. Shahadat Hossian, Co-Supervisor
9 (RLIN) 6357
942 ## - ADDED ENTRY ELEMENTS (KOHA)
Source of classification or shelving scheme Dewey Decimal Classification
Koha item type Theses
Holdings
Source of classification or shelving scheme Damaged status Not for loan Collection code Permanent Location Current Location Shelving location Date of accession Source of acquisition Total Checkouts Full call number Barcode Date last seen Copy number Thesis
Dewey Decimal Classification   Not For Loan Theses Central Library, University of Rajshahi Central Library, University of Rajshahi Documentation Section 09/10/2013 Controller of Exam. R.U.   THE 668.651 HAS 2012 D3477 18/12/2022 C-1 Theses